| 000 | 00545nam a22001937a 4500 | ||
|---|---|---|---|
| 005 | 20250724155707.0 | ||
| 010 | _aENG-146141 | ||
| 020 |
_c225.00 _a9788119524907 |
||
| 035 | _aEN-129673 | ||
| 037 | _bDBAD | ||
| 082 |
_aS _21 |
||
| 100 |
_aSulumeti, Philip _983330 |
||
| 245 |
_aVisitors From Mars: _bAnd Other Short Stories/ _cPhilip Sulumeti |
||
| 250 | _a1 | ||
| 260 |
_aKolkata _bExceller Books _c2024 |
||
| 270 |
_aG1 Dream Apartment, Degree College Road _b Belgharia,Kolkata |
||
| 300 |
_a79p. _c22cm(pb) |
||
| 942 |
_2ddc _cEN _mSUL _hS |
||
| 999 |
_c212604 _d212604 |
||